| LEADER | 01385nam a2200217 4500 | ||
|---|---|---|---|
| 082 | |a 570.76 |b PH105TH | ||
| 100 | |a Phan Thu Hương | ||
| 245 | |a Ôn tập và kiểm tra Sinh học 11 |c Phan Thu Hương, Trịnh Nguyên Giao | ||
| 260 | |a H. |b Đại học Quốc gia |c 2007 | ||
| 300 | |a 167 tr |c 24 cm | ||
| 520 | |a v.v... | ||
| 653 | |a Sinh học | ||
| 653 | |a Lớp 11 | ||
| 856 | |u Ôn tập | ||
| 942 | |2 ddc |c STK0 | ||
| 999 | |c 7212 |d 7212 | ||
| 952 | |0 0 |1 0 |2 ddc |4 0 |6 570_760000000000000_PH105TH |7 0 |8 500 |9 66745 |a qbu |b qbu |c D3 |d 2015-01-30 |g 21000 |o 570.76 PH105TH |p 7058.c1 |r 0000-00-00 |w 2015-01-30 |y STK0 |0 0 |6 570_760000000000000_PH105TH | ||
| 952 | |0 0 |1 0 |2 ddc |4 0 |6 570_760000000000000_PH105TH |7 0 |8 500 |9 66746 |a qbu |b qbu |c D3 |d 2015-01-30 |g 21000 |o 570.76 PH105TH |p 7058.c2 |r 0000-00-00 |w 2015-01-30 |y STK0 |0 0 |6 570_760000000000000_PH105TH | ||
| 952 | |0 0 |1 0 |2 ddc |4 0 |6 570_760000000000000_PH105TH |7 0 |8 500 |9 66747 |a qbu |b qbu |c D3 |d 2015-01-30 |g 21000 |o 570.76 PH105TH |p 7058.c3 |r 0000-00-00 |w 2015-01-30 |y STK0 |0 0 |6 570_760000000000000_PH105TH | ||
| 952 | |0 0 |1 0 |2 ddc |4 0 |6 570_760000000000000_PH105TH |7 0 |8 500 |9 66748 |a qbu |b qbu |c D3 |d 2015-01-30 |g 21000 |o 570.76 PH105TH |p 7058.c4 |r 0000-00-00 |w 2015-01-30 |y STK0 |0 0 |6 570_760000000000000_PH105TH | ||
| 952 | |0 0 |1 0 |2 ddc |4 0 |6 570_760000000000000_PH105TH |7 0 |8 500 |9 66749 |a qbu |b qbu |c D3 |d 2015-01-30 |g 21000 |o 570.76 PH105TH |p 7058.c5 |r 0000-00-00 |w 2015-01-30 |y STK0 |0 0 |6 570_760000000000000_PH105TH | ||